معجزات الرسول الكريم سيدنا محمد عليه أفضل الصلاة و أتم التسليم / (رقم التسجيلة. 92465)

تفاصيل مارك
000 -LEADER
fixed length control field 00591nam a22001697a 4500
005 - DATE AND TIME OF LATEST TRANSACTION
control field 20251108172938.0
008 - FIXED-LENGTH DATA ELEMENTS--GENERAL INFORMATION
fixed length control field 250721s1998 xx 000 0 ara d
082 14 - DEWEY DECIMAL CLASSIFICATION NUMBER
Classification number 219/مهن
100 1# - MAIN ENTRY--PERSONAL NAME
Personal name مهندس، محمد صالح
245 10 - TITLE STATEMENT
Title معجزات الرسول الكريم سيدنا محمد عليه أفضل الصلاة و أتم التسليم /
264 1# - PRODUCTION, PUBLICATION, DISTRIBUTION, MANUFACTURE, AND COPYRIGHT NOTICE
Place of production, publication, distribution, manufacture حلب :
Name of producer, publisher, distributor, manufacturer دار الرضوان للنشر،
Date of production, publication, distribution, manufacture, or copyright notice 1998.
650 17 - SUBJECT ADDED ENTRY--TOPICAL TERM
Topical term or geographic name as entry element السيرة النبوية
650 17 - SUBJECT ADDED ENTRY--TOPICAL TERM
Topical term or geographic name as entry element المعجزات
700 1# - ADDED ENTRY--PERSONAL NAME
Personal name الكنج، عبد الرزاق
Relator term ed.
942 ## - ADDED ENTRY ELEMENTS (KOHA)
Source of classification or shelving scheme Dewey Decimal Classification
Koha item type كتب
المقتنيات
حالة السحب حالة الفقدان مصدر التصنيف حالة التلف غير قابل للإعارة المكتبة الرئيسية المكتبة الحالية موقع الرف تاريخ التزويد الرقم المتسلسل Total Checkouts رقم الإستدعاء الباركود تاريخ آخر ظهور تاريخ الفاتورة نوع المادة (كوها)
    Dewey Decimal Classification     مكتبة أبو علندا العامة مكتبة أبو علندا العامة الإعارة 28/07/2025 425435   219/مهن 425435 28/07/2025 28/07/2025 كتب
    Dewey Decimal Classification     مكتبة أم قصير والمقابلين العامة مكتبة أم قصير والمقابلين العامة الإعارة 24/07/2014 435434   219/مهن PLD00337594 28/07/2025 24/07/2014 كتب
    Dewey Decimal Classification     مكتبة الجويدة مكتبة الجويدة الإعارة 28/07/2025 425430   219/مهن 425430 28/07/2025 28/07/2025 كتب
    Dewey Decimal Classification     مكتبة الحسن العامة مكتبة الحسن العامة الإعارة 18/03/2019 425431   219/مهن PLD00447070 28/07/2025 18/03/2019 كتب
    Dewey Decimal Classification     مكتبة حمزة العامة مكتبة حمزة العامة الإعارة 31/01/2016 425432   219/مهن PLD00370619 28/07/2025 31/01/2016 كتب
    Dewey Decimal Classification     مكتبة صويلح العامة مكتبة صويلح العامة الإعارة 31/01/2016 425427   219/مهن PLD00370645 28/07/2025 31/01/2016 كتب
Implemented & Customized by: BBB with SCIT (Smart Chains for Information Technology)

Powered by Koha